[Event "Bunratty Masters 2019"]
[Site "Bunratty IRL"]
[Date "2019.02.22"]
[Round "1.20"]
[White "McMorrow, John"]
[Black "Li, Henry"]
[Result "0-1"]
[BlackTitle "FM"]
[WhiteElo "2052"]
[BlackElo "2287"]
[WhiteICU "1997"]
[BlackICU "2232"]
[WhiteClub "Gonzaga"]
[BlackClub "Gonzaga"]
[WhiteNationality "IRL"]
[BlackNationality "IRL"]
[WhiteFideId "2501481"]
[BlackFideId "2508524"]
[PlyCount "58"]
[EventDate "2019.02.22"]
[Source "Live boards / tournament organizers"]

{ Event information: <a
href="https://www.irlchess.com/bunratty2019_allfiles/pairings_bunratty2019.html">Tournament
report</a>. }

1. e4 e5 2. Nf3 Nc6 3. Bc4 Nf6 4. Ng5 d5 5. exd5 Na5 6. Bb5+ c6 7. dxc6
bxc6 8. Bd3 h6 9. Ne4 Nd5 10. g3 Be7 11. Qh5 O-O 12. O-O f5 13. Nec3 Nb4
14. Qe2 e4 15. Bc4+ Nxc4 16. Qxc4+ Kh8 17. Qb3 c5 18. Na3 c4 19. Qxc4 Ba6
20. Ncb5 Rc8 21. Qb3 f4 22. c4 f3 23. h3 Qd7 24. Kh2 Rc5 25. g4 Nd3 26. Nc3
Bd6+ 27. Kg1 Rf4 28. Nxe4 Rxe4 29. Kh1 Rh5 0-1

[Event "Bunratty Masters 2019"]
[Site "Bunratty IRL"]
[Date "2019.02.22"]
[Round "1.21"]
[White "Delaney, Killian"]
[Black "O'Neill, Paul"]
[Result "1-0"]
[WhiteElo "2234"]
[BlackElo "2012"]
[WhiteICU "2221"]
[BlackICU "1988"]
[WhiteClub "Gonzaga"]
[BlackClub "Elm Mount"]
[WhiteNationality "IRL"]
[BlackNationality "IRL"]
[WhiteFideId "2501570"]
[BlackFideId "2507692"]
[PlyCount "72"]
[EventDate "2019.02.22"]
[Source "Live boards / tournament organizers"]

{ Event information: <a
href="https://www.irlchess.com/bunratty2019_allfiles/pairings_bunratty2019.html">Tournament
report</a>. }

1. d4 d5 2. Bf4 Nf6 3. e3 e6 4. c3 c5 5. Nd2 Nc6 6. Bd3 Bd6 7. Bxd6 Qxd6 8.
f4 cxd4 9. cxd4 Nb4 10. Be2 Bd7 11. a3 Nc6 12. Bd3 Rc8 13. Ngf3 Na5 14. Qe2
Ba4 15. O-O O-O 16. Ne5 Nb3 17. Nxb3 Bxb3 18. Rac1 a6 19. Rxc8 Rxc8 20. f5
b5 21. fxe6 fxe6 22. g4 Bc4 23. Qc2 Rf8 24. Rxf6 Rxf6 25. Bxh7+ Kf8 26. b3
Rf1+ 27. Kg2 Qxa3 28. bxc4 Qa1 29. Bd3 Rg1+ 30. Kh3 Qe1 31. Nf3 Qxe3 32.
Qe2 Qh6+ 33. Nh4 Qf6 34. Ng6+ Kg8 35. cxd5 exd5 36. Qe8+ Kh7 1-0

[Event "Bunratty Masters 2019"]
[Site "Bunratty IRL"]
[Date "2019.02.22"]
[Round "1.22"]
[White "Artola Pola, Gerardo"]
[Black "O'Gorman, Tom"]
[Result "0-1"]
[BlackTitle "FM"]
[WhiteElo "1975"]
[BlackElo "2248"]
[WhiteICU "1982"]
[BlackICU "2211"]
[WhiteClub "Dublin"]
[BlackClub "Dun Laoghaire"]
[WhiteNationality "ARG"]
[BlackNationality "IRL"]
[WhiteFideId "150878"]
[BlackFideId "2508249"]
[PlyCount "96"]
[EventDate "2019.02.22"]
[Source "Live boards / tournament organizers"]

{ Event information: <a
href="https://www.irlchess.com/bunratty2019_allfiles/pairings_bunratty2019.html">Tournament
report</a>. }

1. e4 c5 2. g3 d5 3. exd5 Qxd5 4. Nf3 Bg4 5. Be2 Nc6 6. h3 Bf5 7. Nc3 Qd7
8. g4 Bg6 9. d3 e6 10. Be3 Nf6 11. Qd2 Nd5 12. Bf1 Nxe3 13. fxe3 Be7 14.
Bg2 Bf6 15. O-O-O O-O-O 16. Qf2 Qc7 17. Nh4 Nb4 18. Nxg6 hxg6 19. a3 Bxc3
20. bxc3 Nd5 21. Bxd5 Rxd5 22. h4 f6 23. Qf4 Qa5 24. Kd2 Rhd8 25. a4 Qa6
26. Kc1 c4 27. dxc4 Rxd1+ 28. Rxd1 Rxd1+ 29. Kxd1 Qxa4 30. h5 gxh5 31. gxh5
e5 32. Qh4 Qd7+ 33. Kc1 Qc6 34. Qg4+ Qd7 35. Qh4 Qe6 36. h6 gxh6 37. Qxh6
a6 38. Qf8+ Kc7 39. Qc5+ Kb8 40. e4 Qc6 41. Qf8+ Ka7 42. Kb2 a5 43. c5 Ka6
44. c4 Ka7 45. Ka3 Qxe4 46. Qxf6 Qe3+ 47. Kb2 Qxc5 48. Qe6 Qb6+ 0-1

[Event "Bunratty Masters 2019"]
[Site "Bunratty IRL"]
[Date "2019.02.22"]
[Round "1.23"]
[White "Miller, Ioana"]
[Black "Flynn, Jacob"]
[Result "1/2-1/2"]
[WhiteTitle "WFM"]
[WhiteElo "2185"]
[BlackElo "1991"]
[BlackICU "1963"]
[WhiteClub "T.C.D."]
[BlackClub "Malahide"]
[WhiteNationality "IRL"]
[BlackNationality "IRL"]
[WhiteFideId "1202260"]
[BlackFideId "2509393"]
[PlyCount "52"]
[EventDate "2019.02.22"]
[Source "Live boards / tournament organizers"]

{ Event information: <a
href="https://www.irlchess.com/bunratty2019_allfiles/pairings_bunratty2019.html">Tournament
report</a>. }

1. e4 d6 2. d4 Nf6 3. Nc3 Nbd7 4. Nf3 e5 5. Bc4 Be7 6. O-O c6 7. a4 O-O 8.
Re1 b6 9. d5 c5 10. Nh4 Nxe4 11. Nxe4 Bxh4 12. Nxd6 Bxf2+ 13. Kxf2 Qf6+ 14.
Kg1 Qxd6 15. Qh5 Bb7 16. Bg5 Rfe8 17. Rf1 f6 18. Bh4 Kh8 19. Rae1 g6 20.
Qh6 Qf8 21. Qxf8+ Rxf8 22. Bb5 g5 23. Bg3 Rad8 24. Bxd7 Rxd7 25. Rxe5 Kg7
26. Ref5 Rxd5 1/2-1/2

[Event "Bunratty Masters 2019"]
[Site "Bunratty IRL"]
[Date "2019.02.22"]
[Round "1.24"]
[White "Byrne, Alex"]
[Black "Steil-Antoni, Fiona"]
[Result "0-1"]
[BlackTitle "WIM"]
[WhiteElo "1967"]
[BlackElo "2166"]
[WhiteICU "1961"]
[BlackICU "2139"]
[WhiteClub "St. Benildus"]
[BlackClub "Gonzaga"]
[WhiteNationality "IRL"]
[BlackNationality "LUX"]
[WhiteFideId "2508788"]
[BlackFideId "4001249"]
[PlyCount "74"]
[EventDate "2019.02.22"]
[Source "Live boards / tournament organizers"]

{ Event information: <a
href="https://www.irlchess.com/bunratty2019_allfiles/pairings_bunratty2019.html">Tournament
report</a>. }

1. e4 e5 2. Nf3 Nc6 3. Bc4 Bc5 4. c3 Nf6 5. d3 d6 6. a4 a6 7. h3 Ba7 8. Be3
O-O 9. Bxa7 Rxa7 10. O-O Ne7 11. Nbd2 Ng6 12. Qe2 Nf4 13. Qe3 Ra8 14. Nd4
N6h5 15. Nf5 Qg5 16. g4 Bxf5 17. exf5 Nf6 18. Ne4 Qh4 19. Nxf6+ gxf6 20.
Kh2 d5 21. Bb3 Kh8 22. Qg3 Qh6 23. d4 Rg8 24. Bd1 Rae8 25. Bf3 c6 26. Rae1
Qg5 27. Rg1 h5 28. h4 Qh6 29. g5 Qh7 30. Bg2 Qxf5 31. dxe5 fxe5 32. Rgf1 f6
33. Bh3 Nxh3 34. Qxh3 Qf4+ 35. Qg3 fxg5 36. hxg5 Qxg5 37. Qxg5 Rxg5 0-1

[Event "Bunratty Masters 2019"]
[Site "Bunratty IRL"]
[Date "2019.02.22"]
[Round "1.25"]
[White "Wallace, Paul"]
[Black "Keogh, Eamon"]
[Result "1-0"]
[BlackTitle "NM"]
[WhiteElo "2151"]
[BlackElo "1929"]
[WhiteICU "2163"]
[BlackICU "1908"]
[WhiteClub "Kilkenny"]
[BlackClub "Kilkenny"]
[WhiteNationality "IRL"]
[BlackNationality "IRL"]
[WhiteFideId "2500892"]
[BlackFideId "2500264"]
[PlyCount "35"]
[EventDate "2019.02.22"]
[Source "Live boards / tournament organizers"]

{ Event information: <a
href="https://www.irlchess.com/bunratty2019_allfiles/pairings_bunratty2019.html">Tournament
report</a>. }

1. e4 e6 2. d4 c5 3. Nf3 d5 4. exd5 exd5 5. Bb5+ Nc6 6. O-O Bg4 7. Re1+ Be7
8. Bg5 f6 9. Be3 cxd4 10. Bxd4 Qa5 11. Nc3 a6 12. Be2 Nh6 13. Be3 O-O-O 14.
Nd4 Bxe2 15. Qxe2 Nxd4 16. Bxd4 Rd7 17. Qe6 Bb4 18. Bb6 1-0

[Event "Bunratty Masters 2019"]
[Site "Bunratty IRL"]
[Date "2019.02.22"]
[Round "1.26"]
[White "O'Flaherty, Kevin"]
[Black "Pein, Jonathan"]
[Result "0-1"]
[WhiteElo "1872"]
[BlackElo "2126"]
[WhiteICU "1815"]
[WhiteClub "Univ. of Limerick"]
[BlackClub "Hendon ENG"]
[WhiteNationality "IRL"]
[BlackNationality "ENG"]
[WhiteFideId "2502283"]
[BlackFideId "417092"]
[PlyCount "70"]
[EventDate "2019.02.22"]
[Source "Live boards / tournament organizers"]

{ Event information: <a
href="https://www.irlchess.com/bunratty2019_allfiles/pairings_bunratty2019.html">Tournament
report</a>. }

1. d4 g6 2. Bf4 Bg7 3. e3 d6 4. Nf3 Nd7 5. Bc4 Ngf6 6. Bxf7+ Kxf7 7. Ng5+
Kg8 8. Ne6 Qe8 9. Nxc7 Qd8 10. Nxa8 b6 11. c3 Bb7 12. Nxb6 axb6 13. f3 h6
14. Nd2 Kh7 15. a4 Nd5 16. Kf2 Rf8 17. Bg3 N7f6 18. h3 Nh5 19. Bh2 e5 20.
Rf1 Bf6 21. Ne4 Bh4+ 22. g3 Nxc3 23. Nxc3 Bxf3 24. Qxf3 e4 25. Nxe4 Rxf3+
26. Kxf3 Qa8 27. gxh4 Nf6 28. Rac1 Qxe4+ 29. Kf2 Qxh4+ 30. Bg3 Ne4+ 31. Kf3
Nxg3 32. Rc7+ Kg8 33. Rfc1 Qxh3 34. R1c3 Ne4+ 35. Kxe4 Qf5# 0-1

[Event "Bunratty Masters 2019"]
[Site "Bunratty IRL"]
[Date "2019.02.23"]
[Round "2.1"]
[White "Fitzsimons, David"]
[Black "Howell, David"]
[Result "1/2-1/2"]
[WhiteTitle "IM"]
[BlackTitle "GM"]
[WhiteElo "2301"]
[BlackElo "2689"]
[WhiteICU "2314"]
[WhiteClub "Elm Mount"]
[BlackClub "Cheddleton ENG"]
[WhiteNationality "IRL"]
[BlackNationality "ENG"]
[WhiteFideId "2501961"]
[BlackFideId "410608"]
[PlyCount "99"]
[EventDate "2019.02.22"]
[Source "Live boards / tournament organizers"]
[ICUid "48706"]

{ Annotator: "TA", <a
href="https://en.chessbase.com/post/bunratty-chess-festival-2019">ChessBase.com</a>,
February 26, 2019. } { Event information: <a
href="https://www.irlchess.com/bunratty2019_allfiles/pairings_bunratty2019.html">Tournament
report</a>. }

1. e4 e6 2. d4 d5 3. Nd2 h6 4. c3 c5 5. exd5 exd5 6. Ngf3 Nc6 7. Bb5 cxd4
8. O-O Bd6 9. Nxd4 Ne7 10. N2b3 O-O 11. Be3 Qc7 12. h3 a6 13. Bd3 Ne5 14.
Bf4 Re8 15. Re1 Bd7 16. Bxe5 Bxe5 17. Qh5 Bh2+ 18. Kf1 Bf4 19. Re2 g6 20.
Qf3 Bg5 21. Kg1 Qd6 22. Rae1 Kg7 23. a3 Rab8 24. Na1 Nc6 25. Nxc6 bxc6 26.
Rxe8 Bxe8 27. Qe2 c5 28. Rd1 Ba4 29. b3 Bxb3 30. Nxb3 Rxb3 31. Bc4 Rxa3 32.
Bxd5 Rxc3 33. Bxf7 Rc1 34. Rxc1 Bxc1 35. Bc4 a5 36. Qf3 Qf4 37. Qb7+ Kf8
38. Qc8+ Ke7 39. Qxc5+ Qd6 40. Qxa5 Bg5 41. Qa7+ Kd8 42. g3 Bf6 43. Qa8+
Kc7 44. Qe4 Bd4 45. Qf3 Qf6 46. Qxf6 Bxf6 47. f4 Kd6 48. Kg2 Ke7 49. h4 Kf8
50. Kf3 1/2-1/2

[Event "Bunratty Masters 2019"]
[Site "Bunratty IRL"]
[Date "2019.02.23"]
[Round "2.2"]
[White "McShane, Luke"]
[Black "Connell, Blair"]
[Result "1-0"]
[WhiteTitle "GM"]
[WhiteElo "2663"]
[BlackElo "2239"]
[WhiteClub "Wood Green ENG"]
[BlackClub "Battersea ENG"]
[WhiteNationality "ENG"]
[BlackNationality "ENG"]
[WhiteFideId "404853"]
[BlackFideId "403725"]
[PlyCount "117"]
[EventDate "2019.02.22"]
[Source "Live boards / tournament organizers"]
[ICUid "48705"]

{ Annotator: "TA", <a
href="https://en.chessbase.com/post/bunratty-chess-festival-2019">ChessBase.com</a>,
February 26, 2019. } { Event information: <a
href="https://www.irlchess.com/bunratty2019_allfiles/pairings_bunratty2019.html">Tournament
report</a>. }

1. e4 e5 2. Nf3 Nc6 3. Bc4 g6 4. d3 Bg7 5. h4 h6 6. Nc3 d6 7. Be3 Nf6 8. a3
a6 9. Qd2 Ng4 10. h5 Nxe3 11. fxe3 g5 12. Nh2 Be6 13. Nd5 Ne7 14. O-O Ng8
15. Qa5 Rc8 16. Rf2 c6 17. Nb6 Rc7 18. Bxe6 fxe6 19. Ng4 Nf6 20. Nxf6+ Bxf6
21. Raf1 O-O 22. Nc4 Bg7 23. Rxf8+ Bxf8 24. d4 b5 25. Nd2 Bg7 26. c3 Qc8
27. Qb6 Qb7 28. Qxb7 Rxb7 29. Nb3 Rc7 30. Kf2 Kf7 31. Ke2+ Ke7 32. Kd3 exd4
33. exd4 c5 34. Na1 cxd4 35. cxd4 a5 36. Nc2 Rc4 37. Ra1 Kd7 38. g4 Rc8 39.
a4 Rb8 40. axb5 Rxb5 41. Kc3 d5 42. Rf1 Ke7 43. e5 a4 44. Nb4 Bf8 45. Ra1
Kd7 46. Rxa4 Rb7 47. Nd3 Rc7+ 48. Kd2 Rc4 49. Rxc4 dxc4 50. Nf2 Bb4+ 51.
Ke3 c3 52. bxc3 Bxc3 53. Ke4 Bb4 54. Nd3 Ba3 55. d5 exd5+ 56. Kxd5 Ke7 57.
Ne1 Bb4 58. Nc2 Bd2 59. Nd4 1-0

[Event "Bunratty Masters 2019"]
[Site "Bunratty IRL"]
[Date "2019.02.23"]
[Round "2.3"]
[White "Li, Henry"]
[Black "Short, Nigel"]
[Result "0-1"]
[WhiteTitle "FM"]
[BlackTitle "GM"]
[WhiteElo "2287"]
[BlackElo "2648"]
[WhiteICU "2232"]
[WhiteClub "Gonzaga"]
[BlackClub "Guildford ENG"]
[WhiteNationality "IRL"]
[BlackNationality "ENG"]
[WhiteFideId "2508524"]
[BlackFideId "400025"]
[PlyCount "76"]
[EventDate "2019.02.22"]
[Source "Live boards / tournament organizers"]
[ICUid "48702"]

{ Annotator: "TA", <a
href="https://en.chessbase.com/post/bunratty-chess-festival-2019">ChessBase.com</a>,
February 26, 2019. } { Event information: <a
href="https://www.irlchess.com/bunratty2019_allfiles/pairings_bunratty2019.html">Tournament
report</a>. }

1. e4 e5 2. Nf3 Nc6 3. Bb5 a6 4. Ba4 Nf6 5. O-O Be7 6. Re1 b5 7. Bb3 d6 8.
c3 O-O 9. h3 Na5 10. Bc2 c5 11. d4 Nd7 12. Nbd2 cxd4 13. cxd4 Nc6 14. d5
Nb4 15. Bb1 a5 16. b3 Nc5 17. Nf1 Bd7 18. Be3 Qc7 19. Qd2 Rfc8 20. Ng3 Nba6
21. Nf5 Bf8 22. Nh2 b4 23. f4 Bxf5 24. exf5 f6 25. Bc2 Na4 26. Bd3 Nc3 27.
Bc4 Kh8 28. a4 Nc5 29. Rec1 Qd7 30. g4 N5xa4 31. Nf3 Nc5 32. Nh4 Qe8 33.
fxe5 N5e4 34. Qe1 dxe5 35. Bd3 Bd6 36. Rc2 Nc5 37. Bc4 a4 38. Bxc5 Rxc5 0-1

[Event "Bunratty Masters 2019"]
[Site "Bunratty IRL"]
[Date "2019.02.23"]
[Round "2.4"]
[White "Turner, Matthew"]
[Black "Delaney, Killian"]
[Result "1-0"]
[WhiteTitle "GM"]
[WhiteElo "2519"]
[BlackElo "2234"]
[BlackICU "2221"]
[WhiteClub "Barbican ENG"]
[BlackClub "Gonzaga"]
[WhiteNationality "SCO"]
[BlackNationality "IRL"]
[WhiteFideId "402893"]
[BlackFideId "2501570"]
[PlyCount "51"]
[EventDate "2019.02.22"]
[Source "Live boards / tournament organizers"]
[ICUid "48704"]

{ Annotator: "TA", <a
href="https://en.chessbase.com/post/bunratty-chess-festival-2019">ChessBase.com</a>,
February 26, 2019. } { Event information: <a
href="https://www.irlchess.com/bunratty2019_allfiles/pairings_bunratty2019.html">Tournament
report</a>. }

1. c4 e5 2. g3 c6 3. d4 exd4 4. Qxd4 d5 5. Bg2 Nf6 6. Nf3 Be7 7. O-O O-O 8.
cxd5 cxd5 9. Nc3 Nc6 10. Qd3 h6 11. Bf4 Be6 12. Nd4 Nxd4 13. Qxd4 Qa5 14.
Qa4 Qxa4 15. Nxa4 Rac8 16. Rac1 b5 17. Nc3 b4 18. Nb5 Ne4 19. Be5 Bc5 20.
Bd4 Bxd4 21. Nxd4 Rxc1 22. Rxc1 Rc8 23. Rxc8+ Bxc8 24. Nc6 Kf8 25. Nxb4 Be6
26. Nc6 1-0

[Event "Bunratty Masters 2019"]
[Site "Bunratty IRL"]
[Date "2019.02.23"]
[Round "2.5"]
[White "O'Gorman, Tom"]
[Black "Williams, Simon"]
[Result "1-0"]
[WhiteTitle "FM"]
[BlackTitle "GM"]
[WhiteElo "2248"]
[BlackElo "2471"]
[WhiteICU "2211"]
[WhiteClub "Dun Laoghaire"]
[BlackClub "Cheddleton ENG"]
[WhiteNationality "IRL"]
[BlackNationality "ENG"]
[WhiteFideId "2508249"]
[BlackFideId "468533"]
[PlyCount "113"]
[EventDate "2019.02.22"]
[Source "Live boards / tournament organizers"]
[ICUid "48708"]

{ Annotator: "TA", <a
href="https://en.chessbase.com/post/bunratty-chess-festival-2019">ChessBase.com</a>,
February 26, 2019. } { Event information: <a
href="https://www.irlchess.com/bunratty2019_allfiles/pairings_bunratty2019.html">Tournament
report</a>. }

1. e4 c5 2. Nf3 d6 3. d4 cxd4 4. Nxd4 Nf6 5. Nc3 g6 6. Be3 a6 7. Be2 Nbd7
8. g4 h5 9. g5 Ng4 10. Bxg4 hxg4 11. Qxg4 Ne5 12. Qe2 Rh3 13. f3 b5 14.
O-O-O Bb7 15. Nd5 Nc4 16. Kb1 Bg7 17. Bc1 e6 18. Ne3 Rc8 19. Ng4 Qb6 20.
Nf6+ Bxf6 21. gxf6 e5 22. Qg2 Rh8 23. Ne2 b4 24. b3 Na3+ 25. Bxa3 bxa3 26.
Rd3 d5 27. exd5 Qxf6 28. Qg4 Rh4 29. Qg1 Rb4 30. Qc1 Rb5 31. Nc3 Ra5 32.
Ne4 Qd8 33. d6 Kd7 34. Qh6 Bxe4 35. fxe4 Qf6 36. Qh3+ Qe6 37. Qxe6+ Kxe6
38. d7 Rd8 39. Rhd1 f5 40. Rd6+ Kf7 41. exf5 gxf5 42. R6d5 Rxd5 43. Rxd5
Ke6 44. c4 f4 45. Kc2 e4 46. h4 f3 47. Kd2 f2 48. Ke2 e3 49. h5 Rf8 50.
d8=N+ Kf6 51. Rd1 Kf5 52. Kxe3 Kg4 53. Ke2 f1=N 54. Rxf1 Re8+ 55. Kd3 Rxd8+
56. Kc3 a5 57. Rh1 1-0

[Event "Bunratty Masters 2019"]
[Site "Bunratty IRL"]
[Date "2019.02.23"]
[Round "2.6"]
[White "Steil-Antoni, Fiona"]
[Black "Lalic, Bogdan"]
[Result "1/2-1/2"]
[WhiteTitle "WIM"]
[BlackTitle "GM"]
[WhiteElo "2166"]
[BlackElo "2406"]
[WhiteICU "2139"]
[WhiteClub "Gonzaga"]
[BlackClub "Wood Green ENG"]
[WhiteNationality "LUX"]
[BlackNationality "CRO"]
[WhiteFideId "4001249"]
[BlackFideId "409081"]
[PlyCount "40"]
[EventDate "2019.02.22"]
[Source "Live boards / tournament organizers"]
[BlackFullName "Lali&#263;, Bogdan"]
[ICUid "48703"]

{ Annotator: "TA", <a
href="https://en.chessbase.com/post/bunratty-chess-festival-2019">ChessBase.com</a>,
February 26, 2019. } { Event information: <a
href="https://www.irlchess.com/bunratty2019_allfiles/pairings_bunratty2019.html">Tournament
report</a>. }

1. e4 c5 2. Nf3 e6 3. c3 Nf6 4. e5 Nd5 5. d4 cxd4 6. cxd4 b6 7. Bd3 Ba6 8.
O-O Bxd3 9. Qxd3 Be7 10. Nc3 Nxc3 11. bxc3 d5 12. Ne1 O-O 13. f4 Nc6 14. f5
f6 15. exf6 Rxf6 16. fxe6 Rxe6 17. Nf3 Qd7 18. Bf4 Bf6 19. Rae1 Rxe1 20.
Rxe1 Re8 1/2-1/2

[Event "Bunratty Masters 2019"]
[Site "Bunratty IRL"]
[Date "2019.02.23"]
[Round "2.7"]
[White "Wells, Peter"]
[Black "Wallace, Paul"]
[Result "1-0"]
[WhiteTitle "GM"]
[WhiteElo "2415"]
[BlackElo "2151"]
[BlackICU "2163"]
[WhiteClub "White Rose ENG"]
[BlackClub "Kilkenny"]
[WhiteNationality "ENG"]
[BlackNationality "IRL"]
[WhiteFideId "400327"]
[BlackFideId "2500892"]
[PlyCount "79"]
[EventDate "2019.02.22"]
[Source "Live boards / tournament organizers"]

{ Event information: <a
href="https://www.irlchess.com/bunratty2019_allfiles/pairings_bunratty2019.html">Tournament
report</a>. }

1. d4 Nf6 2. Bg5 Ne4 3. Bf4 c5 4. f3 Qa5+ 5. c3 Nf6 6. d5 d6 7. e4 g6 8.
Na3 Bg7 9. Qd2 O-O 10. Nc4 Qd8 11. a4 Nbd7 12. Nh3 Nb6 13. Nf2 Bd7 14. a5
Nxc4 15. Bxc4 b5 16. Be2 Re8 17. O-O c4 18. Bh6 Bh8 19. f4 e6 20. dxe6 Rxe6
21. f5 Nxe4 22. Nxe4 Rxe4 23. fxg6 hxg6 24. Bf3 Bc6 25. Rad1 Be5 26. Bg5
Qe8 27. Bxe4 Bxe4 28. Rde1 d5 29. Bf6 Bxf6 30. Rxf6 Qe5 31. Qf2 Rf8 32. h4
b4 33. cxb4 c3 34. bxc3 Qxc3 35. Rf1 Qc7 36. b5 Qd7 37. Qf4 Bf5 38. h5 Qe7
39. Qg5 Qe4 40. R1xf5 1-0

[Event "Bunratty Masters 2019"]
[Site "Bunratty IRL"]
[Date "2019.02.23"]
[Round "2.8"]
[White "Pein, Jonathan"]
[Black "Collins, Sam"]
[Result "1/2-1/2"]
[BlackTitle "IM"]
[WhiteElo "2126"]
[BlackElo "2429"]
[BlackICU "2399"]
[WhiteClub "Hendon ENG"]
[BlackClub "Gonzaga"]
[WhiteNationality "ENG"]
[BlackNationality "IRL"]
[WhiteFideId "417092"]
[BlackFideId "2501198"]
[PlyCount "58"]
[EventDate "2019.02.22"]
[Source "Live boards / tournament organizers"]

{ Event information: <a
href="https://www.irlchess.com/bunratty2019_allfiles/pairings_bunratty2019.html">Tournament
report</a>. }

1. e4 e5 2. Nf3 Nc6 3. Nc3 Nf6 4. d4 exd4 5. Nd5 Be7 6. Bf4 d6 7. Nxd4 O-O
8. Nb5 Nxd5 9. exd5 Ne5 10. Qd2 c5 11. a4 Ng6 12. Be3 f5 13. f4 Re8 14. Be2
Bd7 15. g3 a6 16. Nc3 Bf6 17. Nd1 Re4 18. Bd3 Re7 19. c3 b5 20. O-O bxa4
21. Bf2 Nf8 22. Ne3 g6 23. Bc2 Bg7 24. Bxa4 Bxa4 25. Rxa4 Nd7 26. Rfa1 Nf6
27. Rxa6 Rxa6 28. Rxa6 Ne4 29. Qc2 Qe8 1/2-1/2

[Event "Bunratty Masters 2019"]
[Site "Bunratty IRL"]
[Date "2019.02.23"]
[Round "2.9"]
[White "Voiteanu, Gabriel"]
[Black "Heidenfeld, Mark"]
[Result "1/2-1/2"]
[WhiteTitle "FM"]
[BlackTitle "IM"]
[WhiteElo "2121"]
[BlackElo "2358"]
[BlackICU "2293"]
[BlackClub "Kilkenny"]
[WhiteNationality "ROU"]
[BlackNationality "IRL"]
[WhiteFideId "1208810"]
[BlackFideId "2500990"]
[PlyCount "65"]
[EventDate "2019.02.22"]
[Source "Live boards / tournament organizers"]

{ Event information: <a
href="https://www.irlchess.com/bunratty2019_allfiles/pairings_bunratty2019.html">Tournament
report</a>. }

1. d4 e6 2. g3 c5 3. Nf3 Nc6 4. Bg2 Qb6 5. dxc5 Bxc5 6. O-O d5 7. Nfd2 Nf6
8. e4 O-O 9. Nc3 Rd8 10. exd5 Nxd5 11. Na4 Qa5 12. Nxc5 Qxc5 13. c3 Nf6 14.
Qe2 e5 15. Nb3 Qd6 16. Bg5 Bg4 17. Qb5 Rab8 18. Rfe1 a6 19. Qc5 h6 20. Qxd6
Rxd6 21. Be3 Nd7 22. h3 Be6 23. Rad1 Rxd1 24. Rxd1 Kf8 25. Nc5 Nxc5 26.
Bxc5+ Ke8 27. b3 Rd8 28. Rxd8+ Nxd8 29. Bd6 f6 30. c4 Bd7 31. Be4 Bxh3 32.
Bg6+ Kd7 33. c5 1/2-1/2

[Event "Bunratty Masters 2019"]
[Site "Bunratty IRL"]
[Date "2019.02.23"]
[Round "2.10"]
[White "Bates, Richard"]
[Black "Carroll, Peter"]
[Result "1-0"]
[WhiteTitle "IM"]
[WhiteElo "2351"]
[BlackElo "1953"]
[BlackICU "2010"]
[WhiteClub "Hackney ENG"]
[BlackClub "Gonzaga"]
[WhiteNationality "ENG"]
[BlackNationality "IRL"]
[WhiteFideId "403555"]
[BlackFideId "2510243"]
[PlyCount "57"]
[EventDate "2019.02.22"]
[Source "Live boards / tournament organizers"]

{ Event information: <a
href="https://www.irlchess.com/bunratty2019_allfiles/pairings_bunratty2019.html">Tournament
report</a>. }

1. d4 g6 2. Nf3 Nf6 3. g3 Bg7 4. Bg2 O-O 5. O-O d6 6. c4 Nc6 7. Nc3 a6 8.
b3 Rb8 9. d5 Ne5 10. Nxe5 dxe5 11. e4 e6 12. h3 b5 13. c5 exd5 14. exd5 b4
15. Na4 e4 16. d6 cxd6 17. Bf4 Ne8 18. Rc1 g5 19. Be3 d5 20. Bxe4 Nf6 21.
Bg2 Ne4 22. c6 Rb5 23. Bd4 f5 24. Bxg7 Kxg7 25. Qd4+ Qf6 26. Rfd1 Qxd4 27.
Rxd4 Be6 28. Bf1 Rbb8 29. c7 1-0